| 000 | 01332cam a22003734a 4500 | ||
|---|---|---|---|
| 001 | 14392509 | ||
| 003 | EG-ScBUE | ||
| 005 | 20220907093213.0 | ||
| 008 | 060504t2006 enkab f b 001 0 eng d | ||
| 020 | _a1859641547 | ||
| 020 | _a9781859641545 | ||
| 035 | _a(CaONFCNI)ny4501856 | ||
| 040 |
_aDLC _beng _erda _cDLC _dDLC _dEG-ScBUE |
||
| 043 | _af-ua--- | ||
| 082 | 0 | 4 |
_222 _a704.9489796216 _bYEO |
| 100 | 1 |
_aYeomans, Richard, _eauthor. _923688 |
|
| 245 | 1 | 4 |
_aThe art and architecture of Islamic Cairo / _cRichard Yeomans. |
| 250 | _aFirst edition. | ||
| 264 | 1 |
_aReading, UK : _bGarnet Publishing Limited, _c[2006] |
|
| 264 | 4 | _cc2006 | |
| 300 |
_avi, 274 pages : _bcolor illustrations, maps ; _c29 cm |
||
| 336 |
_2rdacontent _atext _btxt |
||
| 337 |
_2rdamedia _aunmediated _bn |
||
| 338 |
_2rdacarrier _avolume _bnc |
||
| 504 | _aIncludes bibliographical references and index. | ||
| 650 | 7 |
_aIslamic architecture _zEgypt _zCairo. _923689 _2BUEsh |
|
| 650 | 7 |
_aIslamic art _zEgypt _zCairo. _923690 _2BUEsh |
|
| 651 | 7 |
_aCairo (Egypt) _xBuildings, structures, etc. _923691 _2BUEsh |
|
| 651 | 7 |
_aCairo (Egypt) _xCivilization. _923692 _2BUEsh |
|
| 653 |
_cMay2011 _bENGARC |
||
| 655 |
_vReading book _934232 |
||
| 942 |
_2ddc _cBB |
||
| 999 |
_c15255 _d15255 |
||